000 00598nam a2200181 a 4500
005 20140412111245.0
008 010809s19uu xx 00 eng d
020 _a971-511-647-7
050 _aFil
_bG22 2000
100 _aGatmaitan, Luis P.
245 _aAy! may bukbok and ngipin ni Ani! /
_cistorya ni Luis P. Gatmaitan, M.D.; guhit ni Jason Moss.
260 _aManila, Philippines :
_bHiyas Children's Collections,
_c2000.
300 _a32p. ; ill.
440 _aMga Kuwento ni Tito Dok
650 _aHealth-Juvenile literature
650 _aChildren's stories, Filipino
999 _c102903
_d102903